| 000 | 00370 a2200169 4500 | ||
|---|---|---|---|
| 001 | 190060 | ||
| 020 | _a85-06-01905-2 | ||
| 040 | _cMagnum | ||
| 100 | _aOrganização das Nações Unidas | ||
| 240 | 1 | 0 |
_aMissão terra _lpor |
| 245 | 1 | 0 | _aMissão terra |
| 300 | _a96 | ||
| 362 | 0 | _a1994 | |
| 440 | 1 | _aMelhoramentos | |
| 697 | _aCIÊNCIAS AMBIENTAIS | ||
| 942 | _cBK | ||
| 999 |
_c190060 _d190060 |
||